It pays to know your planning (Record no. 76548)
[ view plain ]
| 000 -LEADER | |
|---|---|
| fixed length control field | 01396cab a2200229 4500 |
| 001 - CONTROL NUMBER | |
| control field | ##L132668 |
| 008 - FIXED-LENGTH DATA ELEMENTS--GENERAL INFORMATION | |
| fixed length control field | 060227n2006 000 0 eng u |
| 035 ## - SYSTEM CONTROL NUMBER | |
| System control number | (Sirsi) u132668 |
| 041 0# - LANGUAGE CODE | |
| Language code of text/sound track or separate title | eng |
| 100 1# - MAIN ENTRY--PERSONAL NAME | |
| Personal name | Edwards, Martin |
| 245 00 - TITLE STATEMENT | |
| Title | It pays to know your planning |
| 260 ## - PUBLICATION, DISTRIBUTION, ETC. | |
| Date of publication, distribution, etc. | 2006 |
| 490 #0 - SERIES STATEMENT | |
| Series statement | Estates Gazette |
| Volume/sequential designation | (0607) 18 February 2006, 132(1) |
| 520 ## - SUMMARY, ETC. | |
| Summary, etc. | Considers "Castlebay Limited v Asquith Properties Limited" ([2005] EWCA Civ 1734, L132670) as evidence that property professionals really need to understand how the planning system works to avoid its numerous pitfalls. "Castlebay" concerns a dispute arising over an option to purchase agreement and its relationship to a grant of planning permission. The key points of the judgment were that the term planning application has no statutory definition and that the phrase application for planning permission, within the Town and Country Planning Act 1990, means an application under s58(1) of the Act and not an application for approval of reserved matters. |
| 590 ## - LOCAL NOTE (RLIN) | |
| Local note | IKA280206 |
| 650 24 - SUBJECT ADDED ENTRY--TOPICAL TERM | |
| Topical term or geographic name entry element | R V BRADFORD UPON AVON URBAN DISTRICT COUNCIL EX P BOLTON |
| 650 24 - SUBJECT ADDED ENTRY--TOPICAL TERM | |
| Topical term or geographic name entry element | TOWN AND COUNTRY PLANNING ACT 1990 S58(1) |
| 650 24 - SUBJECT ADDED ENTRY--TOPICAL TERM | |
| Topical term or geographic name entry element | CASTLEBAY LTD V ASQUITH PROPERTIES LTD |
| 690 ## - LOCAL SUBJECT ADDED ENTRY--TOPICAL TERM (OCLC, RLIN) | |
| Topical term or geographic name as entry element | ENVIRONMENTAL AND LAND CONSULTANCY-PLANNING AND DEVELOPMENT-DEVELOPMENT CONTROL-PLANNING APPLICATIONS |
| 700 1# - ADDED ENTRY--PERSONAL NAME | |
| Personal name | Martin, John |
| 942 ## - ADDED ENTRY ELEMENTS (KOHA) | |
| Suppress in OPAC | 0 |
| Withdrawn status | Lost status | Source of classification or shelving scheme | Damaged status | Not for loan | Home library | Current library | Shelving location | Date acquired | Total Checkouts | Full call number | Barcode | Date last seen | Copy number | Price effective from | Koha item type |
|---|---|---|---|---|---|---|---|---|---|---|---|---|---|---|---|
| Dewey Decimal Classification | London | London | Journal article | 27/02/2006 | L132668 | 132668-1001 | 06/08/2019 | 1 | 06/08/2019 | Journal article |